Statistics for Every Enrique Iglesias song that hit the Billboard hot 100

Click here to take the quiz!

General Stats

  • This quiz has been taken 26 times
  • The average score is 10 of 25

Answer Stats

Peak Chart PositionYearSong% Correct
32001Hero
86%
11999Bailamos
73%
42010I Like It
68%
122014Bailando
64%
122002Escape
64%
12000Be With You
59%
982018El Bano
55%
812017Subeme La Radio
55%
322000Rhythm Divine
45%
822016Duele El Corazon
45%
582015El Perdon (Forgiveness)
41%
212007Do You Know? (The Ping Pong Song)/Dimelo
41%
522000Could I Have This Kiss Forever
36%
182011Dirty Dancer
36%
802013Loco
32%
882014Heart Attack
27%
42011Tonight (I'm Lovin' You)
27%
242012Finally Found You
23%
742011I Like How It Feels
23%
852014El Perdedor
23%
892010Cuando Me Enamoro
23%
612013Turn The Night Up
18%
642016Messin' Around
14%
992012Naked
14%
912008Lloro Por Ti
5%

Score Distribution

Percentile by Number Answered

Percent of People with Each Score

Your Score History

You have not taken this quiz